000 00264nam a2200109 a 4500
005 20140414132109.0
008 110115s19uu xx 00 eng d
050 _aER
_bC61 2006
100 _aFisch, Sarah
245 _aClifford's smallest snowman.
999 _c114691
_d114691